000 00586nam a22002177a 4500
001 76547
003 BD-RjUL
005 20211209082846.0
008 191218s1964 ||||| |||| 00| 0beng d
035 _a(BD-RjUL)76771
040 _aBD-RjUL
_beng
_cBD-RjUL
041 _aeng
082 _223
_a940.5318092
_bSEI 1964
100 _4Seedo, N M
245 _aIn the beginning was fear /
_cN M Seedo
264 _aLondon :
_bNarod Press,
_c1964.
300 _a[12], 497 p. ;
_c23 cm.
600 _aHolocaust, Jewish
_d(1939-1945)
_9236646
650 _2 Holocaust.
942 _2ddc
_cBK
999 _c76547
_d76547